01420 a2200253 45000010006000000050017000060080041000230030015000640400040000790800042001192450042001612640043002033000024002465050694002700410008009641000023009727000027009957000025010227000024010477000028010717000021010997000019011207000027011395396420260407155810.0260407a1973 arg spa dAR-UNSa-BCEJYS aAR-UNSa-BCEJYSbspacAR-UNSa-BCEJYS a336.13xFinanzas del sector público10aFunción del estado en la economía 1aBuenos Aires :bCuenca Edicionesc1973 avii, 198 p.c20 cm. aFrancisco Cholvis: Principios generales - Alfredo Eric Calcagno: Las empresas públicas en un proceso de acumulación - Salmón Fainstein: Carácter del capital del Estado en los distintos regímenes sociales - Eugenio Gastiazoro: Papel del Estado según las doctrinas imperantes históricamente en la Argentina: neoliberalismo, desarrollismo y nacionalismo - Ernesto Miguel Malpede: La política ,las empresas estatales y la política exterior - Juan Luis Nodel: El Estado y la planificación - Juan Sábato: Rentabilidad y eficiencia de la empresa estatal.El ejemplo de la energía - Arturo Enrique Sampay: Valor de los bienes de interés público expropiados por el Estado aspa1 aCholvis, Francisco1 aCalcagno, Alfredo Eric1 aFainstein, Salomón1 aGastiazoro, Eugenio1 aMalpede, Ernesto Miguel1 aNodel, Juan Luis1 aSábato, Juan1 aSampay, Arturo Enrique